<?xml version="1.0" encoding="UTF-8"?>
<record
    xmlns:xsi="http://www.w3.org/2001/XMLSchema-instance"
    xsi:schemaLocation="http://www.loc.gov/MARC21/slim http://www.loc.gov/standards/marcxml/schema/MARC21slim.xsd"
    xmlns="http://www.loc.gov/MARC21/slim">

  <leader>01466nam a22001697a 4500</leader>
  <controlfield tag="005">20220210134544.0</controlfield>
  <controlfield tag="008">220210b           ||||| |||| 00| 0 eng d</controlfield>
  <datafield tag="020" ind1=" " ind2=" ">
    <subfield code="a">9781108446181</subfield>
  </datafield>
  <datafield tag="050" ind1=" " ind2=" ">
    <subfield code="a">JZ1307.R37</subfield>
  </datafield>
  <datafield tag="100" ind1=" " ind2=" ">
    <subfield code="9">Rathbun, Brian C.</subfield>
  </datafield>
  <datafield tag="245" ind1=" " ind2=" ">
    <subfield code="a">Reasoning of state : realists, romantics and rationality in internationl relations /</subfield>
    <subfield code="c">Brian C. Rathbun.</subfield>
  </datafield>
  <datafield tag="260" ind1=" " ind2=" ">
    <subfield code="a">Cambridge :</subfield>
    <subfield code="b">Cambridge University Press, </subfield>
    <subfield code="c">2019.</subfield>
  </datafield>
  <datafield tag="300" ind1=" " ind2=" ">
    <subfield code="a">ix, 333 p. :</subfield>
    <subfield code="b">ill. ;</subfield>
    <subfield code="c">23 cm.</subfield>
  </datafield>
  <datafield tag="500" ind1=" " ind2=" ">
    <subfield code="a">Includes bibliographical references and index.</subfield>
  </datafield>
  <datafield tag="505" ind1=" " ind2=" ">
    <subfield code="a">Contents: The psychology of rationality: cognitive style in international relations -- The three "R" of international relations: realism, romanticism, and rationality -- Little bismarcks: a laboratory experiment on variation in rational thinking and rational behavior (with Joshua Kertzer) -- The "Prince'' among men: bismarck's realpolitik in Prussian politics -- Cold blood and iron: bismarck, the struggle with Austria, and German unification -- Blind faith: richelieu, the devoted, and France in counter-reformation Europe -- "Blood, toil, tears, and sweat" : churchhill, romanticism, and the rational appeasement debate -- "In defeat, defiance": churchhill in words (1935-1939) and in deeds (1940) (with Therese Anders) -- "Beginning the world all over again":resolving the paradox of Ronald Regan -- Winning one as the gipper? Reagan's administration and American engagement with the Soviet Union.  </subfield>
  </datafield>
  <datafield tag="942" ind1=" " ind2=" ">
    <subfield code="2">lcc</subfield>
    <subfield code="c">BK</subfield>
  </datafield>
  <datafield tag="999" ind1=" " ind2=" ">
    <subfield code="c">8660</subfield>
    <subfield code="d">16160</subfield>
  </datafield>
  <datafield tag="952" ind1=" " ind2=" ">
    <subfield code="0">0</subfield>
    <subfield code="1">0</subfield>
    <subfield code="2">lcc</subfield>
    <subfield code="4">0</subfield>
    <subfield code="7">0</subfield>
    <subfield code="a">WIUC-1</subfield>
    <subfield code="b">WIUC-1</subfield>
    <subfield code="c">REF</subfield>
    <subfield code="d">2022-02-10</subfield>
    <subfield code="l">0</subfield>
    <subfield code="o">JZ1307.R37</subfield>
    <subfield code="p">9011/462/22</subfield>
    <subfield code="r">2022-02-10 00:00:00</subfield>
    <subfield code="t">1</subfield>
    <subfield code="w">2022-02-10</subfield>
    <subfield code="y">BK</subfield>
  </datafield>
  <datafield tag="952" ind1=" " ind2=" ">
    <subfield code="0">0</subfield>
    <subfield code="1">0</subfield>
    <subfield code="2">lcc</subfield>
    <subfield code="4">0</subfield>
    <subfield code="7">0</subfield>
    <subfield code="a">WIUC-1</subfield>
    <subfield code="b">WIUC-1</subfield>
    <subfield code="c">REF</subfield>
    <subfield code="d">2022-02-10</subfield>
    <subfield code="o">JZ1307.R371</subfield>
    <subfield code="p">9155/604/22</subfield>
    <subfield code="r">2022-02-10 00:00:00</subfield>
    <subfield code="t">2</subfield>
    <subfield code="w">2022-02-10</subfield>
    <subfield code="y">BK</subfield>
  </datafield>
</record>
